Personnages de The Office par images (Click) - Statistiques

Statistiques générales
  • Ce quiz a été pris 44 fois
  • Le résultat moyen est 22 sur 25
Statistiques - réponses
Hint Réponse % Correct
Kelly Kapoor
97%
Jim Halpert
97%
Oscar Martinez
97%
Dwight Schrute
97%
Mose Schrute
95%
Pam Beesly
95%
Michael Scott
95%
Kevin Malone
95%
Ryan Howard
95%
Andy Bernard
92%
Stanley Hudson
92%
Creed Bratton
89%
Angela Martin
89%
Roy Anderson
86%
Nellie Bertram
86%
Robert California
86%
Phyllis Lapin
86%
Toby Flenderson
86%
Gabe Lewis
84%
Darryl Philbin
84%
Meredith Palmer
84%
Jan Levinson
84%
Holly Flax
81%
Erin Hannon
78%
Jo Bennett
76%
Aucun quiz correspondant
Distribution des résultats
% des personnes avec chaque résultat
Percentile par nombre de réponses
Votre historique - résultats
Vous n’avez pas pris ce quiz